LEADER 00996nam0 22002531i 450 001 SUN0018151 005 20040621120000.0 010 $a88-207-2808-7 100 $a20040621d1998 |0itac50 ba 101 $aita 102 $aIT 105 $a|||| ||||| 200 1 $aParole e corpi$eantropologia, discorso giuridico e politiche sessuali interrazziali nella colonia Eritrea, 1890-1941$fBarbara Sòrgoni 210 $aNapoli$cLiguori$d1998 215 $aVIII, 287 p.$d24 cm. 620 $dNapoli$3SUNL000005 700 1$aSòrgoni$b, Barbara$3SUNV014252$0389094 712 $aLiguori$3SUNV000052$4650 801 $aIT$bSOL$c20181109$gRICA 912 $aSUN0018151 950 $aUFFICIO DI BIBLIOTECA DEL DIPARTIMENTO DI PSICOLOGIA$d16 CONS 2970 $e16 LET9609 995 $aUFFICIO DI BIBLIOTECA DEL DIPARTIMENTO DI PSICOLOGIA$bIT-CE0119$gLET$h9609$kCONS 2970$oc$qa 996 $aParole e corpi$9145290 997 $aUNICAMPANIA LEADER 01406nam0 22003371i 450 001 UON00229197 005 20231205103453.122 100 $a20030730d1974 |0itac50 ba 101 $aita 102 $aIT 105 $a|||| ||||| 200 1 $a Etica, religione, filosofia della storia$fErnst Troeltsch$ga cura di Giuseppe Cantillo 210 $aNapoli$cGuida$d1974 215 $a395 p.$d21 cm 410 1$1001UON00087371$12001 $aMicromegas$fCollana diretta da Fulvio Tessitore$v3 606 $aEtica$3UONC042047$2FI 606 $aFilosofia della Storia$3UONC005404$2FI 606 $aMorale$3UONC025788$2FI 606 $aRELIGIONE E FILOSOFIA$3UONC025630$2FI 606 $aTEOLOGIA MORALE$3UONC045355$2FI 620 $aIT$dNapoli$3UONL000012 676 $a170$cETICA (Filosofia morale)$v21 700 1$aTroeltsch$bErnst$3UONV094651$0144461 702 1$aCANTILLO$bGiuseppe$3UONV138971 712 $aGuida$3UONV256737$4650 801 $aIT$bSOL$c20250926$gRICA 912 $aUON00229197 950 $aSIBA - SISTEMA BIBLIOTECARIO DI ATENEO$dSI FS 00594 $eSI SF 383 5 950 $aSIBA - SISTEMA BIBLIOTECARIO DI ATENEO$dSI FS 00977 $eSI LO 3067 5 996 $aGrundprobleme der Ethik$950116 997 $aUNIOR